Frühlatène-Studien

Saved in:
Bibliographic Details
Document Type: Book
Language:German
Published: Hamburg : Buske , 1972
Series:Hamburger Beiträge zur Archäologie 1,2
Subjects:
Related Items:Rezensiert in: [Rezension von: L. Pauli, Die Golasecca-Kultur und Mitteleuropa, Hamburger Beiträge zur Archäologie, Bd. 1,1 - Frey, Otto-Hermann, Frühlatène-Studien, Hamburger Beiträge zur Archäologie, Bd. 1,2]
LEADER 02348cam a2200553 4500
001 1631442821
003 DE-627
005 20240329090542.0
007 tu
008 941222s1972 gw ||||| 00| ||ger c
015 |a 73,A19,0509  |2 dnb 
016 7 |a 730128660  |2 DE-101 
020 |a 3871181234  |9 3-87118-123-4 
035 |a (DE-627)1631442821 
035 |a (DE-576)042694175 
035 |a (DE-599)BSZ042694175 
035 |a (OCoLC)1106904 
035 |a (OCoLC)01106904 
035 |a (OCoLC)887693163 
040 |a DE-627  |b ger  |c DE-627  |e rakwb 
041 |a ger 
044 |c XA-DE 
050 0 |a CC5 
050 0 |a GN780.2.L3 
084 |a 12a  |2 sdnb 
084 |a NF 1220  |2 rvk  |0 (DE-625)rvk/125211:1191 
084 |a 15.19  |2 bkl 
245 1 0 |a Frühlatène-Studien 
264 1 |a Hamburg  |b Buske  |c 1972 
300 |a 179, 13 S.  |b Ill., Kt. 
336 |a Text  |b txt  |2 rdacontent 
337 |a ohne Hilfsmittel zu benutzen  |b n  |2 rdamedia 
338 |a Band  |b nc  |2 rdacarrier 
490 1 |a Hamburger Beiträge zur Archäologie  |v 1,2 
500 |a Includes bibliographical references 
583 1 |a Archivierung prüfen  |c 20240324  |f DE-4165  |z 1  |2 pdager 
650 4 |a Frühlatène  |x Hamburg 
653 0 |a La Tène period 
653 0 |a Europe  |a Antiquities, Celtic 
653 0 |a Celtic antiquities 
787 0 8 |i Rezensiert in  |a Haffner, Alfred, 1938 -   |t [Rezension von: L. Pauli, Die Golasecca-Kultur und Mitteleuropa, Hamburger Beiträge zur Archäologie, Bd. 1,1 - Frey, Otto-Hermann, Frühlatène-Studien, Hamburger Beiträge zur Archäologie, Bd. 1,2]  |d 1973  |w (DE-627)1813091188 
830 0 |a Hamburger Beiträge zur Archäologie  |v 1,2  |9 1971000102  |w (DE-627)129295965  |w (DE-576)014489198  |w (DE-600)121190-0  |x 0341-3152  |7 ns 
889 |w (DE-627)112619622 
935 |i mdedup 
936 r v |a NF 1220  |b Allgemeines  |k Geschichte  |k Ur- und Frühgeschichte / Prähistorische Archäologie  |k Allgemeine und europäische Ur- und Frühgeschichte nach Epochen  |k Zeitlich übergreifende Darstellungen  |k Europa  |k Allgemeines  |0 (DE-627)1271557665  |0 (DE-625)rvk/125211:1191  |0 (DE-576)201557665 
936 b k |a 15.19  |j Vor- und Frühgeschichte  |q coli-conc RVK->BK  |q https://coli-conc.gbv.de/api/mappings/86628ea8-ce7c-4261-a534-79c6ddd79ae8  |0 (DE-627)10640329X 
951 |a BO 
991 |a Rezensiertes Werk 
999 |a KXP-PPN1631442821  |e 4577511614